000 00499cam a2200193 4500
001 D9046
008 090401t1982 xxu||||| |||| 00| 0 eng d
035 _a(Sirsi) u17130
041 _aeng
050 _a692.50953
100 _aStockdale, D.J.
245 _aEstimating in the Middle East
260 _aAscot, Berks
_bChartered Institute of Building
_c1982
300 _a7p. 30cm
350 _a0
490 _aTechnical Information Service
_pEstimating
_v16
942 _n0
948 _c04/03/1997
999 _c87477
_d87477